[Event "Titled Tue 1st Jul Late"]
[Site "chess.com INT"]
[Date "2025.07.01"]
[Round "3"]
[White "Sheehan,Ethan"]
[Black "Nakamura,Hi"]
[Result "0-1"]
[WhiteElo "2364"]
[BlackElo "2804"]

1.d4 Nf6 2.Nf3 b5 3.Bf4 e6 4.Nbd2 Bb7 5.e3 a6 6.Bd3 d6 7.O-O Nbd7 8.e4 Be7
9.h3 O-O 10.Qe2 c5 11.c3 cxd4 12.cxd4 Re8 13.Bh2 Nf8 14.e5 dxe5 15.dxe5 Nd5
16.Ne4 Ng6 17.Rfd1 Qb6 18.Rac1 Ngf4 19.Bxf4 Nxf4 20.Qd2 Nxd3 21.Qxd3 Rad8
22.Qe2 Bd5 23.b3 h6 24.Nd4 Rc8 25.Rxc8 Rxc8 26.Qg4 Kh8 27.Qf4 Kg8 28.Qg4 Kf8
29.Ne2 Rc2 30.N2g3 Rxa2 31.Nh5 g6 32.Qf4 g5 33.Qg4 Bxe4 34.Qxe4 Qxf2+ 35.Kh1 Rd2
36.Rc1 Qf5 37.Rc8+ Rd8 38.Qa8 Qd3 39.Qxa6 Qd1+ 40.Kh2 Qd5 41.Rc1 Qxe5+ 42.Kh1 Bd6  0-1

[Event "Titled Tue 1st Jul Early"]
[Site "chess.com INT"]
[Date "2025.07.01"]
[Round "3"]
[White "Wong,Yinn Long"]
[Black "Nakamura,Hi"]
[Result "0-1"]
[WhiteElo "2300"]
[BlackElo "2807"]

1.e4 g6 2.d4 a6 3.Nc3 d6 4.Nf3 b5 5.a4 b4 6.Na2 Bb7 7.Bd3 c5 8.c3 bxc3 9.bxc3 Nd7
10.O-O Bg7 11.Rb1 Qc7 12.Re1 e6 13.Bf4 e5 14.dxe5 dxe5 15.Bg3 Ngf6 16.c4 Bc6
17.Nc3 O-O 18.Qc2 Ne8 19.Nd5 Qd8 20.Bf1 Nc7 21.Red1 Ne6 22.Nb6 Nd4 23.Nxd4 cxd4
24.Nxa8 Qxa8 25.f3 Nc5 26.Rb4 f5 27.exf5 gxf5 28.Bf2 Qd8 29.Qd2 Bxa4 30.Rdb1 Qc7
31.Qa2 Bd7 32.Qd2 a5 33.Rb5 Bxb5 34.Rxb5 a4 35.Qb4 Rc8 36.g3 e4 37.fxe4 Nxe4
38.Rxf5 Nxf2 39.Rxf2 d3 40.Kg2 Qc6+ 41.Rf3 Rf8  0-1

[Event "Titled Tue 1st Jul Early"]
[Site "chess.com INT"]
[Date "2025.07.01"]
[Round "4"]
[White "Nakamura,Hi"]
[Black "Vokhidov,Shamsiddin"]
[Result "1-0"]
[WhiteElo "2807"]
[BlackElo "2650"]

1.Nf3 Nf6 2.g3 d5 3.Bg2 e6 4.O-O Be7 5.d4 O-O 6.c4 dxc4 7.Qa4 a6 8.Qxc4 b5
9.Qc2 Bb7 10.Bd2 Ra7 11.a3 Be4 12.Qc1 Nc6 13.Be3 Bxf3 14.Bxf3 Nxd4 15.b4 c5
16.bxc5 Nb3 17.Qb2 Nxa1 18.c6 Rc7 19.Bb6 Nd5 20.Bxd5 exd5 21.Nc3 Bf6 22.Qxa1 d4
23.Ne4 Be5 24.f4 Qd5 25.fxe5 Rxc6 26.Qxd4 Qxd4+ 27.Bxd4 Rd8 28.Nd6 f6 29.Nf5 Kf7
30.exf6 gxf6 31.Rf3 a5 32.Kf2 b4 33.axb4 axb4 34.Rb3 Rc4 35.e3 Ke6 36.g4 Ra8
37.Kf3 Ra3 38.Rb1 h5 39.h3 hxg4+ 40.Kxg4 Ra5 41.Ng3 Rb5 42.Ne2 b3 43.Kf3 Rb8
44.h4 Rc2 45.Nf4+ Kf7 46.h5 Rh2 47.Ke4 Re8+ 48.Kd3 Rb8 49.Nd5 Rxh5 50.Nxf6 Rh2
51.Ne4 Ra2 52.Nc5 b2 53.Kc2 Ke7 54.Rxb2 Raxb2+ 55.Bxb2 Kd6 56.Bd4 Kd5 57.Kd3 Ra8
58.e4+ Kc6 59.Kc4 Ra2 60.Nd3 Ra4+ 61.Nb4+ Kd6 62.Kb3 Ra8 63.Kc3 Rc8+ 64.Kd3 Rg8
65.Nd5 Rg3+ 66.Ne3 Rh3 67.Bc3 Ke6 68.Kd4 Rh4 69.Nd5 Rh1 70.Nf4+ Kd6 71.e5+ Kd7
72.Kd5 Rd1+ 73.Bd4 Re1 74.Ne6 Ke7 75.Nc5 Kf7 76.Ne4 Ke7 77.Bc5+ Ke8 78.e6 Rd1+
79.Ke5 Re1 80.Bb4 Re2 81.Kf5 Re3 82.Bc5 Re1 83.Bf2 Re2 84.Bh4 Kf8 85.Bg5 Ke8
86.Nd6+ Kf8 87.Kf6 Rf2+ 88.Nf5 Re2 89.Be3 Ke8 90.e7 Kd7 91.Kf7 Kc6 92.e8=Q+ Kd5
93.Qb5+ Ke4 94.Qxe2  1-0

[Event "Titled Tue 1st Jul Late"]
[Site "chess.com INT"]
[Date "2025.07.01"]
[Round "4"]
[White "Nakamura,Hi"]
[Black "Pakleza,Z"]
[Result "1-0"]
[WhiteElo "2804"]
[BlackElo "2484"]

1.d4 d6 2.e4 Nf6 3.Nc3 c6 4.f3 Qb6 5.a3 e5 6.Be3 Nbd7 7.Nge2 Be7 8.Qc1 Qc7
9.Qd2 d5 10.exd5 Nxd5 11.Nxd5 cxd5 12.dxe5 Nxe5 13.Nf4 Be6 14.Bb5+ Nc6 15.Nxd5 Bxd5
16.Qxd5 O-O 17.O-O Rfe8 18.Bf2 a6 19.Bxc6 bxc6 20.Qc4 Bd6 21.g3 a5 22.a4 h5
23.Rfe1 Reb8 24.b3 Rb4 25.Qd3 h4 26.Kg2 Rd8 27.Rad1 Rbb8 28.Qe4 Rb4 29.Qf5 Bf8
30.Qg5 Rxd1 31.Rxd1 Qc8 32.g4 h3+ 33.Kxh3 Qe6 34.Rd8 f6 35.Qc5 Qf7 36.Rxf8+  1-0

[Event "Titled Tue 1st Jul Late"]
[Site "chess.com INT"]
[Date "2025.07.01"]
[Round "5"]
[White "Deac,Bogdan-Daniel"]
[Black "Nakamura,Hi"]
[Result "1/2-1/2"]
[WhiteElo "2674"]
[BlackElo "2804"]

1.d4 c5 2.d5 Nf6 3.Nc3 e5 4.e4 d6 5.Bb5+ Nbd7 6.a4 Be7 7.Nf3 O-O 8.O-O Ne8
9.Nd2 Bg5 10.Nc4 Bxc1 11.Qxc1 Ndf6 12.f4 Qe7 13.fxe5 dxe5 14.Qg5 Nxd5 15.Qxe7 Nxe7
16.Nxe5 Nf6 17.Bc4 Be6 18.Bxe6 fxe6 19.a5 a6 20.Rad1 Rfd8 21.h3 Rac8 22.Kf2 Rd4
23.Ke3 Rcd8 24.Rd3 Nxe4 25.Nxe4 Nd5+ 26.Kd2 Rxe4 27.Re1 Rd4 28.Rxd4 cxd4
29.Re4 Nf6 30.Rf4 Rd5 31.Nf3 Rxa5 32.Rxd4 Rd5 33.Rxd5 Nxd5 34.Ng5 e5 35.c4 Nb6
36.Kd3 Na4 37.b4 b6 38.Nf3 a5 39.bxa5 bxa5 40.Nxe5 Kf8 41.Kd4 Nb6 42.c5 Nc8
43.Nc4 a4 44.Nb6 a3 45.Kc3 Na7 46.Kb3 Nb5 47.Nc4 Ke7 48.Nxa3 Nd4+ 49.Kc4 Ne2
50.Kb5 Nf4 51.Kb6 Nxg2 52.c6 Nf4 53.Kb7 Ne6 54.Nc4 g5 55.Kb6 h5 56.Ne3 Kd6
57.Nf5+ Ke5 58.Ne3 g4 59.hxg4 h4 60.g5 h3 61.g6 Kf6 62.Ng4+ Kxg6 63.c7 Nxc7
64.Kxc7 Kf5 65.Nh2 Kf4 66.Kd6 Kg3 67.Nf1+ Kg2 68.Ne3+ Kf3 69.Nf1 Kf2 70.Nh2 Kg2
71.Ng4 Kg3 72.Ne3 Kf3 73.Nf1 Kf2 74.Nh2 Kg2 75.Ng4 h2 76.Nxh2  1/2-1/2

[Event "Titled Tue 1st Jul Early"]
[Site "chess.com INT"]
[Date "2025.07.01"]
[Round "5"]
[White "Nakamura,Hi"]
[Black "Nepomniachtchi,I"]
[Result "0-1"]
[WhiteElo "2807"]
[BlackElo "2742"]

1.e4 e5 2.Nf3 Nf6 3.Nc3 Nc6 4.d4 exd4 5.Nxd4 Bb4 6.Nxc6 bxc6 7.Bd3 d5 8.exd5 O-O
9.O-O cxd5 10.Bg5 c6 11.Na4 Rb8 12.c4 h6 13.Bh4 Be6 14.Qc2 Be7 15.Rad1 Nh5
16.Bxe7 Qxe7 17.g3 Rfd8 18.Rfe1 Nf6 19.cxd5 cxd5 20.Bf5 Bxf5 21.Qxf5 Qd7
22.Qxd7 Rxd7 23.b3 Rc7 24.Rd2 Rbc8 25.Red1 g5 26.f3 h5 27.h3 Kg7 28.g4 hxg4
29.hxg4 Re7 30.Kf2 Rh8 31.Kg2 Re3 32.Kf2 Re7 33.Nc3 Rh2+ 34.Kg3 Rxd2 35.Rxd2 Rc7
36.Nxd5 Rd7 37.Rd4 Rxd5 38.Ra4 a5 39.b4 axb4 40.Rxb4 Rd2 41.f4  0-1

[Event "Titled Tue 1st Jul Late"]
[Site "chess.com INT"]
[Date "2025.07.01"]
[Round "6"]
[White "Nakamura,Hi"]
[Black "Sargsyan,Shant"]
[Result "1-0"]
[WhiteElo "2804"]
[BlackElo "2669"]

1.Nf3 g6 2.e4 Nf6 3.Nc3 d5 4.e5 Ne4 5.Ne2 Bg4 6.d4 Bg7 7.h3 Bf5 8.Nh4 Bc8
9.g3 f6 10.f3 Ng5 11.Bg2 O-O 12.Nc3 c6 13.f4 Ne6 14.Nf3 b6 15.O-O Ba6 16.Re1 f5
17.a4 Nd7 18.b3 Rf7 19.Be3 Ndf8 20.Qd2 h6 21.a5 Kh7 22.h4 h5 23.Ra2 Nd7 24.Rea1 b5
25.Nd1 Rb8 26.Nb2 Bc8 27.Bf1 a6 28.c4 Ndf8 29.cxd5 cxd5 30.Nd3 Bb7 31.Rc2 Kg8
32.Rac1 Bh6 33.Qe1 Nd7 34.Bd2 Rf8 35.Bb4 Qe8 36.Nf2 Qf7 37.Nh3 Rfc8 38.Rxc8+ Rxc8
39.Rxc8+ Bxc8 40.Qc3 Bb7 41.Bxb5 axb5 42.a6 Bxa6 43.Qc6 Nb8 44.Qb6 Bc8 45.Qxb8 Qe8
46.Bc5 Bd7 47.Qxe8+ Bxe8 48.Bxe7 Kf7 49.Bb4 Bc6 50.Kf2 Ke8 51.Ke3 Kd7 52.Kd3 Kc8
53.Kc3 Kb7 54.Bd6 Bd7 55.Kb4 Nd8 56.Nf2 Nc6+ 57.Kc3 Nd8 58.Nd3 Bc6 59.Nc5+ Kc8
60.Be7 Nb7 61.Nxb7 Bxb7 62.Kb4 Kd7 63.Bd6 Bc6 64.Ne1 Ke6 65.Nd3 Be8 66.Kc5 Kf7
67.Kxd5 Kg7 68.Kc5  1-0

[Event "Titled Tue 1st Jul Early"]
[Site "chess.com INT"]
[Date "2025.07.01"]
[Round "6"]
[White "Klukin,Kirill"]
[Black "Nakamura,Hi"]
[Result "0-1"]
[WhiteElo "2401"]
[BlackElo "2807"]

1.d4 g6 2.Nf3 Bg7 3.e4 d6 4.Bc4 a6 5.a4 e6 6.h4 h6 7.Qe2 b6 8.c3 Bb7 9.Nbd2 Nd7
10.Nf1 c5 11.Bf4 Qc7 12.dxc5 Nxc5 13.N1d2 Ne7 14.O-O O-O 15.Rfe1 Rfd8 16.Qe3 Kh7
17.h5 Rac8 18.hxg6+ Nxg6 19.Bg3 Qe7 20.Bf1 h5 21.b4 Nd7 22.Rac1 Bh6 23.Qe2 h4
24.Bh2 Nde5 25.Nd4 Rg8 26.Qh5 Kg7 27.Rc2 Nf4 28.Bxf4 Bxf4 29.N2f3 Rh8 30.Nf5+ exf5
31.Qxf5 Nxf3+ 32.gxf3 Qg5+  0-1

[Event "Titled Tue 1st Jul Early"]
[Site "chess.com INT"]
[Date "2025.07.01"]
[Round "7"]
[White "Nakamura,Hi"]
[Black "Ashraf,Artin"]
[Result "1-0"]
[WhiteElo "2807"]
[BlackElo "2428"]

1.e4 e6 2.d3 d5 3.Nd2 Nf6 4.Qe2 dxe4 5.dxe4 e5 6.Ngf3 Nc6 7.c3 a5 8.Nc4 Bd6
9.Nxd6+ cxd6 10.Qc2 a4 11.Bc4 Be6 12.Bxe6 fxe6 13.O-O O-O 14.Bg5 Qc7 15.Rfe1 Nh5
16.Qe2 h6 17.Be3 Qf7 18.Nd2 d5 19.Bc5 Nf4 20.Qf3 Rfe8 21.g3 Ra5 22.Ba3 Nh3+
23.Kg2 Ng5 24.Qxf7+ Kxf7 25.Rad1 Nh7 26.exd5 exd5 27.c4 d4 28.Ne4 Rb8 29.Bd6 Rg8
30.Bc7 Ra7 31.Nd6+ Kf6 32.f4 exf4 33.Nb5 Raa8 34.gxf4  1-0

[Event "Titled Tue 1st Jul Late"]
[Site "chess.com INT"]
[Date "2025.07.01"]
[Round "7"]
[White "Maghsoodloo,Parham"]
[Black "Nakamura,Hi"]
[Result "1-0"]
[WhiteElo "2691"]
[BlackElo "2804"]

1.d4 d5 2.c4 c6 3.Nc3 Nf6 4.Nf3 dxc4 5.a4 Bf5 6.Ne5 Nbd7 7.Nxc4 Qc7 8.g3 e5
9.dxe5 Nxe5 10.Bf4 Nfd7 11.h4 f6 12.Qc1 Be6 13.Nxe5 Nxe5 14.a5 a6 15.Ra4 O-O-O
16.Bh3 Bxh3 17.Rxh3 Qd7 18.Rh1 Bd6 19.Kf1 h5 20.Kg2 Ng4 21.Rd1 Bxf4 22.Qxf4 Qe6
23.Rad4 Rxd4 24.Rxd4 Qe5 25.b4 Re8 26.Qd2 f5 27.Na4 Nf6 28.Nb6+ Kc7 29.e3 Qe7
30.Qd3 g6 31.Qc4 Rd8 32.Rxd8 Kxd8 33.Qf4 Qe4+ 34.Qxe4 fxe4 35.f3 Ke7 36.fxe4 Nxe4
37.Kf3 Nc3 38.Kf4 Ne2+ 39.Kg5 Nxg3 40.Kxg6 c5 41.bxc5 Ke6 42.Kg5 Ke5 43.Nd7+ Kd5
44.Nf6+ Kxc5 45.Nxh5 Nf1 46.Nf6 Kd6 47.h5 Ke6 48.Kg6 Ke7 49.h6  1-0

[Event "Titled Tue 1st Jul Late"]
[Site "chess.com INT"]
[Date "2025.07.01"]
[Round "8"]
[White "Nakamura,Hi"]
[Black "Rustamov,Rustam"]
[Result "1-0"]
[WhiteElo "2804"]
[BlackElo "2334"]

1.e4 c5 2.Nf3 d6 3.c3 Nf6 4.Bd3 g6 5.Bc2 Bg7 6.O-O O-O 7.Re1 e5 8.d3 Nc6
9.Nbd2 d5 10.Ba4 dxe4 11.dxe4 Qc7 12.Nc4 Re8 13.Bg5 h6 14.Bxf6 Bxf6 15.Ne3 Be6
16.Nd5 Bxd5 17.Qxd5 Qb6 18.Bxc6 bxc6 19.Qd2 Rad8 20.Qe2 Qb5 21.a4 Qxe2 22.Rxe2 Rd3
23.Nd2 Red8 24.Nc4 Kf8 25.Ree1 Ke7 26.Kf1 Ke6 27.Ke2 R3d7 28.Red1 Be7 29.Rxd7 Rxd7
30.Na5 Rc7 31.Kd3 Rd7+ 32.Kc2 Rc7 33.Rd1 f5 34.f3 Rc8 35.Kb3 Rb8+ 36.Kc2 Rc8
37.Rd2 Bg5 38.Re2 f4 39.Kd3 Bd8 40.Nb3 Be7 41.Kc4 g5  1-0

[Event "Titled Tue 1st Jul Early"]
[Site "chess.com INT"]
[Date "2025.07.01"]
[Round "8"]
[White "Nakamura,Hi"]
[Black "Grandelius,N"]
[Result "1-0"]
[WhiteElo "2807"]
[BlackElo "2642"]

1.b3 d5 2.Bb2 Bg4 3.h3 Bh5 4.c4 c6 5.d3 Nd7 6.Nd2 e5 7.g4 Bg6 8.cxd5 cxd5
9.Bg2 Ngf6 10.g5 Nh5 11.Bxd5 Nf4 12.Bxb7 Bxd3 13.exd3 Nxd3+ 14.Ke2 Nxb2 15.Qc2 Rb8
16.Bc6 Ba3 17.Nb1 Qa5 18.Nxa3 Qxa3 19.Nf3 Qa6+ 20.Kd2 O-O 21.Bxd7 Rfd8 22.Qxb2 Rxd7+
23.Ke1 Qd3 24.Nd2 Rc8 25.Rc1 Rdc7 26.Rxc7 Rxc7 27.Kd1 Rd7 28.Re1 Qf3+ 29.Kc1 Rc7+
30.Nc4 Qf4+  1-0

[Event "Titled Tue 1st Jul Late"]
[Site "chess.com INT"]
[Date "2025.07.01"]
[Round "9"]
[White "Nguyen Ngoc Truong Son"]
[Black "Nakamura,Hi"]
[Result "1-0"]
[WhiteElo "2600"]
[BlackElo "2804"]

1.e4 d5 2.exd5 Qxd5 3.Nc3 Qd8 4.d4 Nf6 5.Nf3 a6 6.Be2 e6 7.O-O Be7 8.Ne5 O-O
9.Bf3 Nbd7 10.Bf4 Nb6 11.a4 Nbd5 12.Bg3 a5 13.Ne2 c6 14.c3 Bd6 15.Nf4 Ne7
16.Nfd3 Nf5 17.Re1 Nxg3 18.hxg3 Nd7 19.Qe2 Re8 20.Rad1 Qc7 21.g4 Nb6 22.g5 Be7
23.Be4 g6 24.Qg4 Nxa4 25.Re3 Qd8 26.Rh3 Bf8 27.Nxf7 Kxf7 28.Rxh7+ Kg8 29.Bxg6 Re7
30.Qh5 Bg7 31.Ne5 Bxe5 32.dxe5 Qxd1+ 33.Qxd1 Rxh7 34.Qd8+  1-0

[Event "Titled Tue 1st Jul Early"]
[Site "chess.com INT"]
[Date "2025.07.01"]
[Round "9"]
[White "Esipenko,Andrey"]
[Black "Nakamura,Hi"]
[Result "1-0"]
[WhiteElo "2679"]
[BlackElo "2807"]

1.d4 c5 2.d5 e5 3.Nc3 d6 4.e4 g6 5.Be2 a6 6.a4 Bh6 7.Bxh6 Nxh6 8.h4 f5 9.Nf3 Nf7
10.Nd2 Nd7 11.exf5 gxf5 12.g4 Nf6 13.g5 Ng8 14.Bh5 Ne7 15.Bxf7+ Kxf7 16.Nc4 h5
17.gxh6 Rxh6 18.Qd2 Qh8 19.Nb6 Rb8 20.O-O-O f4 21.Ne4 Bf5 22.Ng5+ Kf6 23.Nc4 Rxh4
24.Rhg1 Rd8 25.Qa5 Rh5 26.Nf3 Nc8 27.Qc7 Rd7 28.Qb8 Qe8 29.Rde1 Bg6 30.Ncd2 Rh8
31.Ng5 Nb6 32.Nde4+ Ke7 33.Qa7 Nxd5 34.Nxc5 Rc7 35.Nge6 Qc6 36.Nxc7 Kf6 37.Nxd5+ Qxd5
38.Nd7+ Kf7 39.Nb6 Qc6 40.c4 Rh2 41.Re2 f3 42.Rd2 Qe4 43.Rxg6 Rh1+ 44.Rd1 Rxd1+
45.Kxd1 Qb1+ 46.Kd2 Qxb2+ 47.Ke3 Qc3+ 48.Ke4 Kxg6 49.Qxb7 Qc2+ 50.Kxf3 Qf5+
51.Kg2 Qg4+ 52.Kh2 Qh5+ 53.Kg1 Qd1+ 54.Kh2 Qh5+ 55.Kg3 Qg5+ 56.Kf3 Qh5+ 57.Ke3 Qd1
58.Qg2+ Kh7 59.Qh3+ Kg7 60.Qg3+ Kh7 61.Qh4+ Kg8 62.Nd5  1-0

[Event "Titled Tue 1st Jul Late"]
[Site "chess.com INT"]
[Date "2025.07.01"]
[Round "10"]
[White "Nakamura,Hi"]
[Black "Kravtsiv,M"]
[Result "1-0"]
[WhiteElo "2804"]
[BlackElo "2598"]

1.e4 e5 2.Bc4 Nf6 3.d3 Nc6 4.Nc3 Na5 5.Qf3 Bc5 6.Qg3 O-O 7.Bg5 Nxc4 8.dxc4 d6
9.h4 Kh8 10.O-O-O Be6 11.b3 c6 12.Kb1 h6 13.f4 exf4 14.Qxf4 Kg8 15.Nf3 Nh5
16.Qd2 hxg5 17.hxg5 Bg4 18.Rh4 Bxf3 19.gxf3 g6 20.f4 f5 21.Qd3 Qd7 22.Rdh1 Rae8
23.Qh3 Qg7 24.exf5 Bb4 25.f6 Qf7 26.f5 Re5 27.fxg6 Qxg6 28.Rxh5 Rfe8 29.Rh8+ Kf7
30.Rh7+ Kf8 31.Rg7  1-0

[Event "Titled Tue 1st Jul Early"]
[Site "chess.com INT"]
[Date "2025.07.01"]
[Round "10"]
[White "Nakamura,Hi"]
[Black "Galchenko,Matvey"]
[Result "1-0"]
[WhiteElo "2807"]
[BlackElo "2435"]

1.Nf3 c5 2.e4 g6 3.c3 Bg7 4.d4 cxd4 5.cxd4 d5 6.e5 a6 7.h3 Nc6 8.Nc3 f6 9.exf6 Nxf6
10.Bd3 O-O 11.O-O Nh5 12.Bc2 Rxf3 13.Qxf3 Nxd4 14.Qd1 e5 15.Bb1 Be6 16.a3 Qh4
17.Ne2 Nc6 18.Ba2 Rd8 19.Be3 h6 20.Nc3 Kh7 21.Bxd5 Bxd5 22.Nxd5 Qc4 23.Nb6 Qe6
24.Qg4 Qb3 25.Qc4 Rd3 26.Qxb3 Rxb3 27.Nc4 b5 28.Nd2 Rxb2 29.Rfb1 Rxb1+ 30.Rxb1 Bf8
31.Rc1 Nd4 32.Rc7+ Kg8 33.Ne4 Bxa3 34.Bxh6 Bf8 35.Rc8 Ne6 36.Ng5 Neg7 37.Ra8 Nf4
38.Rxa6 b4 39.Rb6 Ne2+ 40.Kf1 Nd4 41.Rb8 b3 42.Nf3 Nc6 43.Rxb3  1-0

[Event "Titled Tue 1st Jul Late"]
[Site "chess.com INT"]
[Date "2025.07.01"]
[Round "11"]
[White "Mahdavi,Reza"]
[Black "Nakamura,Hi"]
[Result "0-1"]
[WhiteElo "2454"]
[BlackElo "2804"]

1.e4 e5 2.Nf3 Nc6 3.Bc4 Nf6 4.d3 Be7 5.O-O O-O 6.Re1 d6 7.a3 Be6 8.Nc3 Nxe4
9.Nxe4 d5 10.Nfg5 Bf5 11.Ba2 dxe4 12.dxe4 Bg6 13.Qxd8 Raxd8 14.c3 Rd7 15.Be3 Re8
16.Bd5 Nd8 17.Rad1 Kf8 18.Bb3 Rxd1 19.Rxd1 f6 20.Rxd8 Rxd8 21.Ne6+ Ke8 22.Nxd8 Kxd8
23.f3 b6 24.Kf2 Be8 25.Bc4 Bd7 26.Ke2 g6 27.Bg8 h5 28.Bf7 Be8 29.Bxe8 Kxe8
30.Kd3 Kd7 31.g3 a6 32.c4 Kc6 33.Kc3 Kb7 34.b4 b5 35.c5 c6 36.Kd3 Kc7 37.h3 Kd7
38.Ke2 Ke6 39.Kd3 f5 40.h4 f4 41.Bf2 fxg3 42.Bxg3 g5 43.hxg5 Bxg5 44.Ke2 Bc1
45.Be1 Bxa3  0-1

[Event "Titled Tue 1st Jul Early"]
[Site "chess.com INT"]
[Date "2025.07.01"]
[Round "11"]
[White "Kozak,Adam"]
[Black "Nakamura,Hi"]
[Result "0-1"]
[WhiteElo "2589"]
[BlackElo "2807"]

1.d4 c5 2.d5 e5 3.e4 d6 4.Nc3 Na6 5.Bd3 g6 6.Nge2 Bg7 7.O-O Nf6 8.Bb5+ Bd7
9.Bxa6 bxa6 10.f4 exf4 11.Bxf4 Qe7 12.e5 dxe5 13.Bg5 h6 14.Bxf6 Bxf6 15.d6 Qe6
16.Nd5 Bd8 17.Rf6 Qg4 18.Qf1 O-O 19.Nec3 Be6 20.Rd1 Kg7 21.h3 Qh4 22.Rf2 c4
23.Qe2 f6 24.Kh2 Rc8 25.Qe3 Rf7 26.Rf3 Rc6 27.Ne4 Bf5 28.Rxf5 gxf5 29.Ng3 Qg5
30.Qf3 f4 31.Nh5+ Kg6 32.Ndxf6 Bxf6 33.Nxf6 Qg3+ 34.Qxg3+ fxg3+ 35.Kxg3 Rc8
36.Ne4 Kf5 37.d7 Rg8+ 38.Kf3 Ke6+ 39.Ke3 Ke7 40.Nc5 Rd8 41.Rd5 Rf1 42.Rxe5+ Kd6  0-1

[Event "Titled Tue 8th Jul Early"]
[Site "chess.com INT"]
[Date "2025.07.08"]
[Round "1"]
[White "Pham Le Thao Nguyen"]
[Black "Nakamura,Hi"]
[Result "0-1"]
[WhiteElo "2357"]
[BlackElo "2807"]

1.d4 Nf6 2.Nf3 b5 3.g3 Bb7 4.Bg2 e6 5.O-O c5 6.a4 b4 7.c4 bxc3 8.bxc3 Be7
9.Ba3 Na6 10.Nbd2 Rc8 11.Qb3 Ba8 12.Qb5 Nc7 13.Qa5 Ncd5 14.Qxd8+ Kxd8 15.c4 Nc3
16.e3 cxd4 17.Bxe7+ Kxe7 18.exd4 Ne2+ 19.Kh1 Bxf3 20.Bxf3 Nxd4 21.Bg2 Rb8
22.Ra2 a5 23.h3 Rhc8 24.Rc1 d6 25.Kh2 Nb3 26.Nxb3 Rxb3 27.Rd2 Nd7 28.Rcd1 Rb6
29.Bf1 Nc5 30.Ra2 Rcb8 31.Rad2 Ra6 32.h4 Rb4 33.Ra2 Rab6 34.Kh3 Rb2 35.Rxb2 Rxb2
36.f4 Rb4 37.h5 h6 38.Re1 Rxa4 39.f5 Rb4 40.fxe6 fxe6 41.Rd1 a4 42.Ra1 Rb3
43.Kh4 a3 44.g4 Ne4 45.g5 hxg5+  0-1

[Event "Titled Tue 8th Jul Late"]
[Site "chess.com INT"]
[Date "2025.07.08"]
[Round "1"]
[White "Dudzinski,Pa"]
[Black "Nakamura,Hi"]
[Result "0-1"]
[WhiteElo "2191"]
[BlackElo "2807"]

1.e4 g6 2.Nc3 c5 3.g3 Bg7 4.Bg2 Nc6 5.d3 Rb8 6.Be3 d6 7.Qd2 b5 8.f4 b4 9.Nd1 a5
10.Nf3 a4 11.d4 cxd4 12.Nxd4 Bb7 13.O-O Qd7 14.Nf2 Nf6 15.Rad1 Qc8 16.h3 O-O
17.g4 Nd7 18.Nxc6 Bxc6 19.Nd3 Qb7 20.e5 Bxg2 21.Qxg2 dxe5 22.Qxb7 Rxb7 23.f5 e4
24.Nc5 Nxc5 25.Bxc5 Bxb2 26.Rfe1 Rc8 27.Bd4 Rxc2 28.Bxb2 Rxb2 29.Rxe4 Rxa2
30.Rxe7 Rxe7 31.f6 Re8  0-1

[Event "Titled Tue 8th Jul Early"]
[Site "chess.com INT"]
[Date "2025.07.08"]
[Round "2"]
[White "Nakamura,Hi"]
[Black "Rojas Alarcon,J"]
[Result "1-0"]
[WhiteElo "2807"]
[BlackElo "2365"]

1.d4 Nf6 2.Bg5 d5 3.e3 Nbd7 4.c4 e6 5.cxd5 exd5 6.Nc3 c6 7.Bd3 h6 8.Bf4 Be7
9.h3 Nf8 10.Nf3 Ne6 11.Be5 Nd7 12.Bh2 a6 13.O-O O-O 14.Qc2 Re8 15.Rad1 Ng5
16.Ne5 Nxe5 17.dxe5 Bb4 18.Ne2 Nxh3+ 19.gxh3 Bxh3 20.Bg3 Bxf1 21.Kxf1 Qg5
22.f4 Qe7 23.Nd4 g6 24.Qh2 c5 25.Nc2 h5 26.Nxb4 cxb4 27.Bh4 Qe6 28.Qg3 Qg4
29.Qxg4 hxg4 30.Bf6 Rac8 31.Kf2 Rc6 32.Rh1  1-0

[Event "Titled Tue 8th Jul Late"]
[Site "chess.com INT"]
[Date "2025.07.08"]
[Round "2"]
[White "Nakamura,Hi"]
[Black "Rosen,E"]
[Result "1-0"]
[WhiteElo "2807"]
[BlackElo "2377"]

1.d4 d5 2.Nf3 Nf6 3.c4 e6 4.Qc2 Nbd7 5.Bg5 c6 6.Nc3 Qa5 7.Nd2 Bb4 8.e3 e5
9.Bxf6 Nxf6 10.dxe5 Ne4 11.Ndxe4 dxe4 12.a3 Bxc3+ 13.Qxc3 Qxc3+ 14.bxc3 Bg4
15.h3 Bh5 16.c5 O-O-O 17.Bc4 Rhe8 18.g4 Bg6 19.h4 h6 20.h5 Bh7 21.e6 f6 22.Rb1 Bg8
23.Rb4 Bxe6 24.Be2 Bf7 25.Ra4 Kb8 26.Rd4 Kc7 27.Ra4 a6 28.Rd4 Re5 29.Kd2 Rde8
30.Rd1 Rxc5 31.Kc2 Be6 32.a4 Re5 33.Kb2 Bc8 34.c4 R5e7 35.Kc3 Rd7 36.c5 Red8
37.a5 Rxd4 38.Rxd4 Re8 39.Rd6 Re5 40.Kd4 Be6 41.Bd1 Bd5 42.Be2 Re7 43.Bd1 Re8
44.Be2 Re5 45.Bc4 Bxc4 46.Kxc4 Re7 47.Kc3 Re5 48.Kc4 Re8 49.Rd2 Re7 50.Rd4 Re5
51.Rd1 Re8 52.Rd2 Re7 53.Rd1 Re5 54.Rd4 Re8 55.Kc3 Re7 56.Rc4 Re5 57.Kd4 Rg5
58.Kxe4 Rxg4+ 59.f4 Rh4 60.Kf5 Rxh5+ 61.Kg6 Rh3 62.e4 Rg3+ 63.Kf7 h5 64.e5 fxe5
65.fxe5 Rf3+ 66.Kxg7 Re3 67.Kf6 Rf3+ 68.Ke7 Rg3 69.e6 Rg4 70.Rc3 h4 71.Kf6 Rg3
72.Rc2 Rf3+ 73.Kg5 Re3 74.Kf5 Rf3+ 75.Ke4 Rf1 76.Rh2 Re1+ 77.Kf5 Kd8 78.Rxh4 Rf1+
79.Ke5 Re1+ 80.Kf5 Rf1+ 81.Rf4 Rc1 82.Rd4+ Ke8 83.Rd7 Rxc5+ 84.Kf6 Rc1 85.Rxb7 Rf1+
86.Ke5 Ra1 87.Rh7 Rd1 88.Ra7 c5 89.Rxa6 c4 90.Rc6 Ra1 91.Rc8+ Ke7 92.Rc7+ Ke8
93.Rxc4  1-0

[Event "Titled Tue 8th Jul Early"]
[Site "chess.com INT"]
[Date "2025.07.08"]
[Round "3"]
[White "Rakhmanov,Ale"]
[Black "Nakamura,Hi"]
[Result "0-1"]
[WhiteElo "2585"]
[BlackElo "2807"]

1.c4 e6 2.e4 d5 3.exd5 exd5 4.d4 Nf6 5.Nc3 Bb4 6.Bd3 Be6 7.cxd5 Bxd5 8.f3 c5
9.Qe2+ Be6 10.dxc5 O-O 11.Qc2 Nbd7 12.Bg5 h6 13.Bxf6 Qxf6 14.Ne2 Nxc5 15.O-O Nxd3
16.Qxd3 Rfd8 17.Qe4 Bc5+ 18.Kh1 Rd7 19.Rad1 Rad8 20.Rxd7 Rxd7 21.Qc2 Bb6
22.Rd1 Rxd1+ 23.Qxd1 Qe5 24.Qd3 Qc5 25.Na4 Qf2 26.Nxb6 Qf1+  0-1

[Event "Titled Tue 8th Jul Early"]
[Site "chess.com INT"]
[Date "2025.07.08"]
[Round "4"]
[White "Nakamura,Hi"]
[Black "Demidov,M"]
[Result "1-0"]
[WhiteElo "2807"]
[BlackElo "2539"]

1.d4 e6 2.c4 Bb4+ 3.Nd2 Nf6 4.a3 Bxd2+ 5.Bxd2 d6 6.Nf3 Qe7 7.Qc2 e5 8.e3 O-O
9.Bc3 Nc6 10.d5 Nb8 11.e4 a5 12.b4 axb4 13.axb4 Rxa1+ 14.Bxa1 Na6 15.Bc3 Bg4
16.Nd2 Ra8 17.Bd3 Nh5 18.g3 Bh3 19.Ke2 g6 20.Ra1 Kg7 21.Qb2 Rf8 22.c5 f5
23.c6 fxe4 24.Bxe4 Qf7 25.f3 bxc6 26.Rxa6 cxd5 27.Bd3 d4 28.Bxd4 exd4 29.Qxd4+ Nf6
30.Ra7 Re8+ 31.Kd1 Re7 32.g4 c5 33.Rxe7 Qxe7 34.bxc5 dxc5 35.Qb2 Qe3 36.Kc2 Bg2
37.Qb7+ Kh6 38.Qf7 Qd4 39.h4 Nxg4 40.fxg4 Qa4+ 41.Nb3 Qxg4 42.Qf8+ Kh5 43.Qf2 Bf3
44.Nxc5 Kh6 45.Kc3 Qf4 46.Nb3 Qe5+ 47.Kc2 Bg4 48.Nd4 Kg7 49.Bc4 Qc5 50.Kb3 Qe5
51.Qd2 Bd7 52.Qc3 Qb8+ 53.Kc2 Kh6 54.Qe3+ Kg7 55.Qe7+ Kh6 56.Qg5+ Kg7 57.Qe7+ Kh6
58.Qxd7 Qh2+ 59.Be2 Qxh4 60.Qd6 Qf2 61.Kd3 Kg5 62.Nf3+ Kh6 63.Qf4+ Kg7 64.Qe5+ Kh6
65.Nd4 Qh4 66.Qe3+ Qg5 67.Qh3+ Qh5 68.Bxh5 gxh5 69.Qg3  1-0

[Event "Titled Tue 8th Jul Late"]
[Site "chess.com INT"]
[Date "2025.07.08"]
[Round "4"]
[White "Nakamura,Hi"]
[Black "Svane,R"]
[Result "1-0"]
[WhiteElo "2807"]
[BlackElo "2619"]

1.d4 Nf6 2.Bg5 d5 3.e3 c5 4.Bxf6 gxf6 5.dxc5 e6 6.c4 dxc4 7.Qc2 Qa5+ 8.Nd2 c3
9.bxc3 Qxc5 10.Ne4 Qc7 11.Nxf6+ Ke7 12.Ne4 Bg7 13.Rc1 Nd7 14.Nf3 Nc5 15.Nxc5 Qxc5
16.Bd3 Bd7 17.Nd4 Rac8 18.O-O Rc7 19.Rfd1 Rhc8 20.Qe2 Qe5 21.Qd2 Qa5 22.Bxh7 Qe5
23.Bd3 Kf8 24.c4 Ba4 25.Qb4+  1-0

[Event "Titled Tue 8th Jul Early"]
[Site "chess.com INT"]
[Date "2025.07.08"]
[Round "5"]
[White "Erigaisi,Arjun"]
[Black "Nakamura,Hi"]
[Result "1/2-1/2"]
[WhiteElo "2776"]
[BlackElo "2807"]

1.e4 e5 2.Nf3 Nc6 3.d4 exd4 4.Nxd4 Nf6 5.Nxc6 bxc6 6.Qe2 Bc5 7.e5 Nd5 8.c4 Nb6
9.Qg4 g6 10.Bg5 Be7 11.h4 d5 12.Qg3 Be6 13.Nc3 h6 14.Bxe7 Qxe7 15.O-O-O O-O-O
16.Qe3 dxc4 17.Be2 Kb8 18.Rxd8+ Rxd8 19.Qxh6 Nd5 20.Qg5 Qf8 21.Rd1 Re8 22.Qd2 f6
23.Bxc4 Nxc3 24.Qxc3 Bxc4 25.Qxc4 Rxe5 26.Kb1 Kb7 27.a4 Qc5 28.Qxc5 Rxc5
29.Rh1 Rc4 30.f3 f5 31.h5 gxh5 32.Rxh5 f4 33.Rh4 Rxa4 34.g3 Kc8 35.Rxf4 Rxf4
36.gxf4 Kd7 37.Kc2 Ke6 38.Kd3 Kf5 39.Kd4 Kxf4 40.Kc5 Kxf3 41.Kxc6 Ke4 42.Kxc7 Kd5
43.Kb7 Kc4 44.Kxa7 Kb3 45.Kb6 Kxb2  1/2-1/2

[Event "Titled Tue 8th Jul Late"]
[Site "chess.com INT"]
[Date "2025.07.08"]
[Round "5"]
[White "Nakamura,Hi"]
[Black "Rasulov,Vu"]
[Result "1-0"]
[WhiteElo "2807"]
[BlackElo "2489"]

1.d4 Nf6 2.Bg5 d5 3.e3 c5 4.Bxf6 gxf6 5.dxc5 e6 6.c4 dxc4 7.Qc2 Qa5+ 8.Nd2 Bxc5
9.Bxc4 Bb4 10.Nf3 Nc6 11.O-O Bxd2 12.Nxd2 Bd7 13.Ne4 Ke7 14.Rfd1 Rad8 15.a3 Ne5
16.Be2 Ba4 17.b3 Bc6 18.b4 Qb6 19.Nc5 h5 20.b5 Bd5 21.Na4 Qd6 22.e4 Rc8 23.Qb1 Ng4
24.g3 Qe5 25.Qb4+ Ke8 26.Bxg4 hxg4 27.exd5 Qh5 28.h4 gxh3 29.Qe4 h2+ 30.Kg2 f5
31.Qf3 Qxf3+ 32.Kxf3 Rc4 33.Nb2 Rc2 34.Nd3 Rc3 35.Ke2 Ke7 36.dxe6 fxe6 37.Rh1 Rd8
38.Nf4 e5 39.Nh5 Rc2+ 40.Kf1 Kf7 41.Rxh2 Kg6 42.g4 f4 43.Re1 Rd5 44.a4 b6
45.Rh3 Kg5 46.Ng7 Kxg4 47.Rh2 Rc7 48.Rg2+ Kf3 49.Nf5 Rh7 50.Kg1 e4 51.Ng7 e3
52.fxe3 fxe3 53.Ne6 Rdh5 54.Ng5+ Kf4 55.Nxh7  1-0